000
00297nam a22001337a 4500
003
SGT
082
_a
617.645
_b
C19N
100
_a
NARULA, PAYAL
245
_a
CARIES VACCINE
260
_a
DELHI NCR
_b
SGT UNIVERSITY GURUGRAM
_c
2019
300
_a
1-71
650
_a
PEDODONTICS
942
_2
ddc
_c
TH
999
_c
18464
_d
18464